Zrkadlo vývoja hospodárstiev Nórska a Dánska v 90. rokoch

Vývoj a súčasná situácia nórskeho a dánskeho hospodárstva. Makroekonomické ukazovatele nórskeho stavu hospodárstva. Ukladanie prebytkov ŠR v spoločnosti Petroleum Fund. Najvýznamnejšie nórske obchodné spoločnosti. Rozpočty a protiinflačná politika. Členstvá v politických organizáciách. Bankovníctvo....

ver descrição completa

Na minha lista:
Detalhes bibliográficos
Autor principal: Janoška, J.
Formato: Capítulo de Livro
Idioma:eslovaco
Assuntos:
Tags: Adicionar Tag
Sem tags, seja o primeiro a adicionar uma tag!

MARC

LEADER 00000naa a2200000 4500
001 r021856
005 20230801105349.3
041 0 |a slo 
044 |a SK 
245 1 0 |a Zrkadlo vývoja hospodárstiev Nórska a Dánska v 90. rokoch  |c J. Janoška 
520 |a Vývoj a súčasná situácia nórskeho a dánskeho hospodárstva. Makroekonomické ukazovatele nórskeho stavu hospodárstva. Ukladanie prebytkov ŠR v spoločnosti Petroleum Fund. Najvýznamnejšie nórske obchodné spoločnosti. Rozpočty a protiinflačná politika. Členstvá v politických organizáciách. Bankovníctvo. Ťažba ropy a zemného plynu. Hlavní obchodní partneri Nórska v r. 1994. Podiel štátu na priemysle. Záujem zahraničných investorov. Dlhodobé ekonomické problémy Dánska. Najväčšie dánske banky v r. 1994. Kríza v bankovníctve. Inovácie v poisťovníctve. Reformy na dánskej burze. Obchodné spoločnosti. 
610 2 0 |a rozvoj hospodársky 
610 2 0 |a Dánsko 
610 2 0 |a Nórsko 
610 2 0 |a ukazovatele ekonomické 
610 2 0 |a rozpočet štátny 
610 2 0 |a Petroleum Fund Oslo 
610 2 0 |a spoločnosti obchodné 
610 2 0 |a politika protiinflačná 
610 2 0 |a bankovníctvo 
610 2 0 |a banky 
610 2 0 |a ťažba nerastov 
610 2 0 |a ropa 
610 2 0 |a plyn 
610 2 0 |a partneri obchodní 
610 2 0 |a 1994 
610 2 0 |a priemysel 
610 2 0 |a investície zo zahraničia 
610 2 0 |a poisťovníctvo 
610 2 0 |a burzy 
100 1 |a Janoška, J.